[Event "11. Torneo Villa de Mondragón 2011"]
[Site "Arrasate ESP"]
[Date "2011.10.14"]
[Round "1.4"]
[White "Ruiz Abad, Juan Manuel"]
[Black "Prieto Aranguren, Alain"]
[Result "0-1"]
[WhiteElo "1876"]
[BlackElo "2252"]
[PlyCount "54"]
[EventDate "2011.10.14"]
[EventType "swiss"]
[EventRounds "6"]
[EventCountry "ESP"]
[Source "lmi"]
[SourceDate "2011.10.14"]

1. e4 c6 2. d4 d5 3. e5 Bf5 4. Nf3 e6 5. Be2 Nd7 6. O-O Ne7 7. Nh4 Bg6 8. Nd2
c5 9. c3 Nc6 10. Nxg6 hxg6 11. Nf3 Be7 12. g3 g5 13. Be3 Nf8 14. dxc5 Ng6 15.
Bb5 g4 16. Nd4 Ngxe5 17. b4 g5 18. Be2 Qd7 19. Nxc6 Nxc6 20. Bxg4 O-O-O 21. Qa4
f5 22. Be2 f4 23. gxf4 e5 24. f5 d4 25. b5 Qxf5 26. Qd1 Rh4 27. Bxd4 Qh3 0-1

[Event "11. Torneo Villa de Mondragón 2011"]
[Site "Arrasate ESP"]
[Date "2011.10.14"]
[Round "1.7"]
[White "Hernando Casas, Jose Manuel"]
[Black "San Jose Madinabeitia, Iban"]
[Result "1-0"]
[WhiteElo "2017"]
[BlackElo "760"]
[PlyCount "99"]
[EventDate "2011.10.14"]
[EventType "swiss"]
[EventRounds "6"]
[EventCountry "ESP"]
[Source "lmi"]
[SourceDate "2011.10.14"]

1. e4 e5 2. d4 exd4 3. Qxd4 Nc6 4. Qe3 b6 5. Bc4 Bc5 6. Qg3 Qf6 7. Nc3 Bd6 8.
f4 Bb7 9. Be3 g5 10. Nge2 O-O-O 11. Qxg5 Nb4 12. O-O-O Be7 13. Qg3 Nh6 14. Bd4
Qc6 15. Bb5 Nxa2+ 16. Kd2 Qe6 17. f5 Nxf5 18. exf5 Qh6+ 19. Be3 Qh5 20. Nxa2
Rhg8 21. Qh3 Qxh3 22. gxh3 Bxh1 23. Rxh1 Rg2 24. Nac3 Bb4 25. Kd1 c6 26. Ba6+
Kb8 27. Bd3 d5 28. Nf4 Rgg8 29. Nce2 Rde8 30. Bf2 Kb7 31. Bg3 a5 32. c3 Bc5 33.
Nd4 Bxd4 34. cxd4 Re3 35. Re1 Rge8 36. Rxe3 Rxe3 37. Kd2 Re8 38. f6 h6 39. Nh5
b5 40. Bd6 a4 41. Ng7 Rd8 42. Bc5 Ka6 43. Kc3 Rb8 44. h4 Ka5 45. Bb4+ Kb6 46.
Be2 Ra8 47. Bh5 Rb8 48. Bxf7 Rb7 49. Be6 Rc7 50. f7 1-0

[Event "11. Torneo Villa de Mondragón 2011"]
[Site "Arrasate ESP"]
[Date "2011.10.14"]
[Round "1.8"]
[White "Uriarte Gabikagogeaskoa, Agusti"]
[Black "Ruiz Martinez, Isidro"]
[Result "1-0"]
[WhiteElo "601"]
[BlackElo "2014"]
[PlyCount "107"]
[EventDate "2011.10.14"]
[EventType "swiss"]
[EventRounds "6"]
[EventCountry "ESP"]
[Source "lmi"]
[SourceDate "2011.10.14"]

1. e4 g6 2. Nf3 Bg7 3. Bc4 d6 4. c3 Nf6 5. Qe2 e5 6. O-O O-O 7. d4 Nc6 8. Bg5
Bg4 9. d5 Ne7 10. Nbd2 h6 11. Bh4 g5 12. Bg3 Ng6 13. h3 Bd7 14. Nh2 h5 15. f3
h4 16. Bf2 Nh5 17. Rfe1 Ngf4 18. Qf1 a6 19. a4 Nxg2 20. Qxg2 Nf4 21. Qh1 Nxh3+
22. Kf1 Qf6 23. Be3 g4 24. Ke2 g3 25. Ng4 Bxg4 26. fxg4 Nf2 27. Qf3 Nh3 28. Qg2
Ng5 29. Rf1 Qg6 30. Rf5 f6 31. Raf1 Nf7 32. Qh3 Bh6 33. Qxh4 Bxe3 34. Kxe3 Qh6+
35. Qxh6 Nxh6 36. Rh5 Nxg4+ 37. Kd3 Kg7 38. Rg1 Kg6 39. Rf5 Nh6 40. Rxg3+ Kf7
41. Rh5 Rh8 42. Kc2 Rh7 43. Be2 Rah8 44. Rgh3 Kg7 45. Nc4 Nf7 46. Ne3 Rxh5 47.
Bxh5 Ng5 48. Nf5+ Kf8 49. Rh4 Rg8 50. Be2 Nf7 51. b4 Rg2 52. Kd3 Ng5 53. Rh8+
Kf7 54. Bh5# 1-0

[Event "11. Torneo Villa de Mondragón 2011"]
[Site "Arrasate ESP"]
[Date "2011.10.21"]
[Round "2.4"]
[White "Uriarte Gabikagogeaskoa, Agusti"]
[Black "Tornay Gomez, Josu"]
[Result "0-1"]
[WhiteElo "601"]
[BlackElo "2109"]
[PlyCount "50"]
[EventDate "2011.10.14"]
[EventType "swiss"]
[EventRounds "6"]
[EventCountry "ESP"]
[Source "lmi"]
[SourceDate "2011.10.14"]

1. e4 e5 2. Nf3 f5 3. Nc3 fxe4 4. Nxe4 Nf6 5. Nfg5 d5 6. Nxf6+ Qxf6 7. d3 Bc5
8. Qe2 O-O 9. Be3 Bxe3 10. Qxe3 Nc6 11. c3 Bf5 12. Be2 d4 13. Qg3 Qg6 14. h4 h6
15. h5 Qxg5 16. Qxg5 hxg5 17. g4 Be6 18. h6 Rf6 19. hxg7 Kxg7 20. f3 Rh8 21.
Rg1 Rh2 22. Kd2 Rxf3 23. Rae1 Bxa2 24. Kc1 Rff2 25. Kd2 Bd5 0-1

[Event "11. Torneo Villa de Mondragón 2011"]
[Site "Arrasate ESP"]
[Date "2011.10.21"]
[Round "2.5"]
[White "Ruiz Martinez, Isidro"]
[Black "Uriarte Sanchez, Oier"]
[Result "1-0"]
[WhiteElo "2014"]
[BlackElo "588"]
[PlyCount "29"]
[EventDate "2011.10.14"]
[EventType "swiss"]
[EventRounds "6"]
[EventCountry "ESP"]
[Source "lmi"]
[SourceDate "2011.10.14"]

1. e4 e5 2. Nf3 Nc6 3. Bb5 a6 4. Ba4 b5 5. Bb3 f5 6. O-O Nf6 7. d4 d6 8. Ng5 d5
9. dxe5 Nxe4 10. Bxd5 Bb7 11. Qh5+ g6 12. Bf7+ Ke7 13. Bxg6 Nd4 14. Nxe4 Bxe4
15. Bg5+ 1-0

[Event "11. Torneo Villa de Mondragón 2011"]
[Site "Arrasate ESP"]
[Date "2011.10.21"]
[Round "2.8"]
[White "San Jose Madinabeitia, Iban"]
[Black "Montolio Benedicto, Cesar"]
[Result "1-0"]
[WhiteElo "760"]
[BlackElo "1973"]
[PlyCount "33"]
[EventDate "2011.10.14"]
[EventType "swiss"]
[EventRounds "6"]
[EventCountry "ESP"]
[Source "lmi"]
[SourceDate "2011.10.14"]

1. e4 e5 2. Nf3 Nf6 3. Bc4 Bc5 4. O-O Nc6 5. c3 d6 6. d4 exd4 7. cxd4 Bb6 8.
Bg5 O-O 9. Nc3 Ne7 10. e5 dxe5 11. dxe5 Nd7 12. e6 fxe6 13. Bxe6+ Kh8 14. Nd5
Bc5 15. Rc1 c6 16. Rxc5 cxd5 17. Rxd5 1-0

[Event "11. Torneo Villa de Mondragón 2011"]
[Site "Arrasate ESP"]
[Date "2011.10.28"]
[Round "3.3"]
[White "Uriarte Sanchez, Oier"]
[Black "Etxagibel Larrañaga, Asier"]
[Result "0-1"]
[WhiteElo "588"]
[BlackElo "2029"]
[PlyCount "70"]
[EventDate "2011.10.14"]
[EventType "swiss"]
[EventRounds "6"]
[EventCountry "ESP"]
[Source "lmi"]
[SourceDate "2011.10.14"]

1. e4 c5 2. Nf3 d6 3. Bc4 Nf6 4. O-O Nxe4 5. Re1 d5 6. Bb5+ Bd7 7. Bxd7+ Nxd7
8. c4 Nef6 9. b3 d4 10. Ba3 e6 11. Ne5 Be7 12. d3 Qc7 13. f4 O-O 14. Nd2 Bd6
15. Ndf3 Rae8 16. Rb1 a5 17. Qd2 Nb8 18. h3 Nfd7 19. Kh1 f6 20. Nxd7 Nxd7 21.
Bc1 e5 22. a4 exf4 23. Rxe8 Rxe8 24. Qf2 Nb8 25. Nd2 f5 26. Nf3 Qe7 27. Bd2 Nc6
28. Nh4 g6 29. Bxf4 Bxf4 30. Qxf4 g5 31. Nxf5 gxf4 32. Nxe7+ Rxe7 33. Rf1 Ne5
34. Rd1 Ng6 35. Kg1 Re3 0-1

[Event "11. Torneo Villa de Mondragón 2011"]
[Site "Arrasate ESP"]
[Date "2011.10.28"]
[Round "3.6"]
[White "Miguelez Garcia, Erlantz"]
[Black "San Jose Madinabeitia, Iban"]
[Result "1-0"]
[WhiteElo "2009"]
[BlackElo "760"]
[PlyCount "59"]
[EventDate "2011.10.14"]
[EventType "swiss"]
[EventRounds "6"]
[EventCountry "ESP"]
[Source "lmi"]
[SourceDate "2011.10.14"]

1. c4 Nf6 2. Nc3 e6 3. g3 Nc6 4. Bg2 b6 5. d4 Rb8 6. a3 Bb7 7. Nf3 Be7 8. d5
Na5 9. Nd2 exd5 10. cxd5 Ba8 11. b4 Nb7 12. e4 c6 13. O-O O-O 14. d6 Bxd6 15.
Nc4 Bc7 16. e5 b5 17. exf6 Qxf6 18. Qxd7 Qxc3 19. Bb2 Qxc4 20. Qxc7 Rbc8 21.
Qe5 f6 22. Qe3 a5 23. Rac1 Qa2 24. Rxc6 Qxb2 25. Rxc8 Qe5 26. Rxf8+ Kxf8 27.
Qxe5 fxe5 28. Rc1 axb4 29. Rc8+ Ke7 30. Rxa8 1-0

[Event "11. Torneo Villa de Mondragón 2011"]
[Site "Arrasate ESP"]
[Date "2011.10.28"]
[Round "3.7"]
[White "Ruiz Abad, Juan Manuel"]
[Black "Uriarte Gabikagogeaskoa, Agusti"]
[Result "1-0"]
[WhiteElo "1876"]
[BlackElo "601"]
[PlyCount "39"]
[EventDate "2011.10.14"]
[EventType "swiss"]
[EventRounds "6"]
[EventCountry "ESP"]
[Source "lmi"]
[SourceDate "2011.10.14"]

1. e4 e5 2. Nf3 Nf6 3. Nxe5 Bc5 4. d4 Bb6 5. Nc3 c6 6. Bg5 O-O 7. Be2 d6 8. Nc4
Bc7 9. O-O Be6 10. d5 Bd7 11. dxc6 Nxc6 12. Nd5 b5 13. Bxf6 gxf6 14. Nxc7 Qxc7
15. Qxd6 Qd8 16. Ne3 Ne5 17. Nd5 Rc8 18. Nxf6+ Kh8 19. Qxe5 Qc7 20. Nxd7+ 1-0

[Event "11. Torneo Villa de Mondragón 2011"]
[Site "Arrasate ESP"]
[Date "2011.11.04"]
[Round "4.6"]
[White "Irure Crespo, Egoitz"]
[Black "Uriarte Gabikagogeaskoa, Agusti"]
[Result "1-0"]
[WhiteElo "1993"]
[BlackElo "601"]
[PlyCount "51"]
[EventDate "2011.10.14"]
[EventType "swiss"]
[EventRounds "6"]
[EventCountry "ESP"]
[Source "lmi"]
[SourceDate "2011.10.14"]

1. e4 e5 2. Nf3 Nc6 3. Bb5 Nf6 4. O-O Bd6 5. c3 Nxe4 6. Re1 f5 7. d3 Nf6 8.
Bxc6 dxc6 9. Nxe5 O-O 10. Qb3+ Nd5 11. c4 Bxe5 12. cxd5 Qd6 13. dxc6+ Be6 14.
Qa3 Qxc6 15. Nc3 Bd6 16. Rxe6 Bxh2+ 17. Kxh2 Qxe6 18. Bf4 c6 19. d4 Qc4 20. Be5
Kh8 21. Re1 b5 22. Qe7 Rg8 23. Re3 a5 24. Rh3 Rae8 25. Qh4 h6 26. Qxh6# 1-0

[Event "11. Torneo Villa de Mondragón 2011"]
[Site "Arrasate ESP"]
[Date "2011.11.04"]
[Round "4.7"]
[White "San Jose Madinabeitia, Iban"]
[Black "De Andres Andres, Eugenio"]
[Result "0-1"]
[WhiteElo "760"]
[BlackElo "1832"]
[PlyCount "60"]
[EventDate "2011.10.14"]
[EventType "swiss"]
[EventRounds "6"]
[EventCountry "ESP"]
[Source "lmi"]
[SourceDate "2011.10.14"]

1. e4 d6 2. d4 Nf6 3. Nc3 Nbd7 4. Nf3 e5 5. d5 Be7 6. Be2 h6 7. h3 a6 8. Be3
Nf8 9. Qd2 Bd7 10. Bd3 Ng6 11. Ne2 Nf8 12. b4 b5 13. O-O g5 14. Nh2 Ng6 15.
Rac1 Qc8 16. c4 Nf4 17. c5 Bxh3 18. Bxf4 gxf4 19. gxh3 Qxh3 20. Nxf4 exf4 21.
f3 Rg8+ 22. Kh1 Nh5 23. Rg1 Ng3+ 24. Rxg3 fxg3 25. Bf1 Qxh2+ 26. Qxh2 gxh2 27.
Kxh2 O-O-O 28. a4 Bg5 29. Ra1 Bf4+ 30. Kh1 Be5 0-1

[Event "11. Torneo Villa de Mondragón 2011"]
[Site "Arrasate ESP"]
[Date "2011.11.04"]
[Round "4.8"]
[White "Arbulu Gallastegi, Arkaitz"]
[Black "Uriarte Sanchez, Oier"]
[Result "1-0"]
[WhiteElo "1515"]
[BlackElo "588"]
[PlyCount "23"]
[EventDate "2011.10.14"]
[EventType "swiss"]
[EventRounds "6"]
[EventCountry "ESP"]
[Source "lmi"]
[SourceDate "2011.10.14"]

1. d4 c5 2. d5 Nf6 3. c4 Ne4 4. Qc2 Nd6 5. e4 e6 6. Nf3 Qe7 7. Bd3 b6 8. O-O g6
9. e5 Nf5 10. Bg5 f6 11. Bxf6 Nd4 12. Nxd4 1-0

[Event "11. Torneo Villa de Mondragón 2011"]
[Site "Arrasate ESP"]
[Date "2011.11.11"]
[Round "5.7"]
[White "Uriarte Gabikagogeaskoa, Agusti"]
[Black "Montolio Benedicto, Cesar"]
[Result "0-1"]
[WhiteElo "601"]
[BlackElo "1973"]
[PlyCount "124"]
[EventDate "2011.10.14"]
[EventType "swiss"]
[EventRounds "6"]
[EventCountry "ESP"]
[Source "lmi"]
[SourceDate "2011.10.14"]

1. e4 e5 2. Bc4 Nf6 3. Nf3 Bd6 4. O-O O-O 5. Re1 Nc6 6. c3 Be7 7. d4 d6 8. b4
Bg4 9. a3 Bxf3 10. Qxf3 exd4 11. cxd4 Nxd4 12. Qd3 Nc6 13. Bb2 Ne5 14. Qc3 Nxc4
15. Qxc4 Nd7 16. Nd2 Bf6 17. Bd4 Bxd4 18. Qxd4 Qf6 19. Qe3 a6 20. Rac1 c6 21.
Nf3 Ne5 22. Nxe5 dxe5 23. Red1 Rfd8 24. Qb6 Qe7 25. f3 Rd7 26. Rf1 Rad8 27. Rb1
Rd2 28. Qe3 R2d3 29. Qc1 Qd6 30. h3 Qd4+ 31. Rf2 Kf8 32. Qc5+ Ke8 33. Qxd4
R8xd4 34. a4 Rd1+ 35. Rf1 Rxb1 36. Rxb1 Kd7 37. Rb2 Kc7 38. a5 b6 39. g4 bxa5
40. bxa5 Ra4 41. Kg2 Rxa5 42. h4 Ra4 43. h5 h6 44. Kg3 a5 45. Rb3 Rd4 46. Kh4
a4 47. Ra3 f6 48. g5 hxg5+ 49. Kg4 Kb6 50. Kf5 Kb5 51. Kg6 Kb4 52. Ra1 Rd7 53.
Rb1+ Kc3 54. Rc1+ Kd2 55. Rxc6 Ra7 56. Rc8 a3 57. Rg8 a2 58. Rxg7 Rxg7+ 59.
Kxg7 a1=Q 60. h6 Ke3 61. h7 Qa7+ 62. Kg6 Qxh7+ 0-1

[Event "11. Torneo Villa de Mondragón 2011"]
[Site "Arrasate ESP"]
[Date "2011.11.11"]
[Round "5.8"]
[White "Uriarte Sanchez, Oier"]
[Black "Regillaga Otaño, Jon"]
[Result "1-0"]
[WhiteElo "588"]
[BlackElo "1896"]
[PlyCount "55"]
[EventDate "2011.10.14"]
[EventType "swiss"]
[EventRounds "6"]
[EventCountry "ESP"]
[Source "lmi"]
[SourceDate "2011.10.14"]

1. e4 e6 2. d4 d5 3. e5 c5 4. Nf3 Bd7 5. Nc3 Nc6 6. Be3 cxd4 7. Nxd4 Nxe5 8.
Bb5 a6 9. Bxd7+ Nxd7 10. f4 Bd6 11. Qd2 Nh6 12. O-O-O Rc8 13. h3 Bb4 14. Nde2
Nf5 15. a3 Nxe3 16. Qxe3 Bc5 17. Nd4 Qf6 18. Nxd5 Qg6 19. f5 Bxd4 20. Qxd4 Qxf5
21. Ne3 Qb5 22. Qxg7 Ke7 23. Rhe1 Nb6 24. c4 Qh5 25. g4 Qg6 26. Nf5+ Qxf5 27.
gxf5 Nxc4 28. f6+ 1-0

[Event "11. Torneo Villa de Mondragón 2011"]
[Site "Arrasate ESP"]
[Date "2011.11.18"]
[Round "6.7"]
[White "Uriarte Sanchez, Oier"]
[Black "San Jose Madinabeitia, Iban"]
[Result "0-1"]
[WhiteElo "588"]
[BlackElo "760"]
[PlyCount "110"]
[EventDate "2011.10.14"]
[EventType "swiss"]
[EventRounds "6"]
[EventCountry "ESP"]
[Source "lmi"]
[SourceDate "2011.10.14"]

1. e4 e5 2. f4 exf4 3. Nf3 Be7 4. h4 d6 5. d4 Bg4 6. Nbd2 Bxh4+ 7. Ke2 Nc6 8.
c3 Bg3 9. Nb3 Qe7 10. Qd3 Nf6 11. Nbd2 O-O-O 12. d5 Ne5 13. Qd4 Kb8 14. Kd1
Rde8 15. Be2 Ned7 16. Ng5 Bxe2+ 17. Kxe2 h6 18. Ngf3 Nxe4 19. Nxe4 Qxe4+ 20.
Qxe4 Rxe4+ 21. Kd3 Rhe8 22. b4 Ne5+ 23. Nxe5 R8xe5 24. c4 Re1 25. Bd2 Rxa1 26.
Rxa1 h5 27. Rf1 g5 28. a4 h4 29. Rf3 Be1 30. b5 b6 31. Bxf4 gxf4 32. Rxf4 Re7
33. Re4 Rxe4 34. Kxe4 Bg3 35. Kf5 Be5 36. Kg4 Bc3 37. Kg5 Kc8 38. Kxh4 Kd8 39.
Kg5 Ke7 40. g4 f6+ 41. Kg6 Kf8 42. Kf5 Kf7 43. g5 fxg5 44. Kxg5 Bf6+ 45. Kf5
Bd8 46. Ke4 Kg6 47. Kf4 Kf6 48. Ke4 Kg5 49. Ke3 Kf5 50. Kd4 Kf4 51. Kc3 Ke3 52.
Kc2 Bf6 53. Kb3 Kd3 54. Kb4 Bc3+ 55. Kb3 Kd4 0-1